[Event "Wuertemberg-ch Seniors 27th"]
[Site "Freudenstadt"]
[Date "2015.07.03"]
[Round "1"]
[White "Weissflog, Hans Dieter"]
[Black "Krieger, Hermann"]
[Result "1/2-1/2"]
[WhiteElo "1940"]
[BlackElo "2219"]
[PlyCount "53"]
[EventDate "2015.07.03"]
[EventType "swiss"]
[EventRounds "9"]
[EventCountry "GER"]
[SourceTitle "EXT 2016"]
[Source "ChessBase"]
[SourceDate "2015.10.08"]
[SourceVersion "1"]
[SourceVersionDate "2015.10.08"]
[SourceQuality "1"]

1. Nf3 f5 2. d4 Nf6 3. c4 g6 4. g3 Bg7 5. Bg2 0-0 6. 0-0 d6 7. Nc3 Qe8 8. Re1 c6 9. e4 fxe4 10. Nxe4 Nxe4 11. Rxe4 Bf5 12. Re1 Qf7 13. h3 h6 14. Qe2 Re8 15. Bd2 Na6 16. Bc3 Nc7 17. a4 Rad8 18. Rad1 g5 19. Nd2 e5 20. dxe5 Bxe5 21. Bxe5 Rxe5 22. Qf3 Rde8 23. Rxe5 Rxe5 24. Nf1 d5 25. Ne3 Be6 26. Qxf7+ Kxf7 27. cxd5 1/2-1/2

[Event "Baden-ch Seniors"]
[Site "Emmendingen"]
[Date "2012.06.08"]
[Round "7"]
[White "Seifert, Gerhard"]
[Black "Weissflog, Hans Dieter"]
[Result "0-1"]
[WhiteElo "1400"]
[BlackElo "1943"]
[PlyCount "114"]
[EventDate "2012.06.02"]
[EventType "swiss"]
[EventRounds "9"]
[EventCountry "GER"]
[SourceTitle "CBM 148 Extra"]
[Source "ChessBase"]
[SourceDate "2012.06.22"]
[SourceVersion "1"]
[SourceVersionDate "2012.06.22"]
[SourceQuality "1"]

1. d4 Nf6 2. c4 e6 3. Nc3 c5 4. d5 exd5 5. cxd5 d6 6. e4 g6 7. Bd3 Bg7 8. Nge2 a6 9. 0-0 0-0 10. Ng3 Re8 11. Bg5 b5 12. Rb1 Nbd7 13. f4 Qc7 14. f5 c4 15. Bc2 Bb7 16. fxg6 fxg6 17. a3 Rf8 18. Qd2 Rae8 19. Bh6 Ng4 20. Bxg7 Kxg7 21. Qd4+ Nge5 22. Rxf8 Rxf8 23. Rf1 Nc5 24. Nce2 Rxf1+ 25. Kxf1 Qf7+ 26. Kg1 Bc8 27. h3 Qf6 28. Qe3 h5 29. Nf4 Kg8 30. Nge2 Qg5 31. Qc3 Bd7 32. Kh2 h4 33. Qd4 Qf6 34. Qe3 g5 35. Ne6 Bxe6 36. dxe6 Nxe6 37. b3 Nc5 38. b4 Ncd3 39. Qb6 Ne1 40. Bb1 N5d3 41. Qb8+ Kg7 42. Qc8 Kh6 43. Qf5 Qxf5 44. exf5 Ne5 45. Nd4 N1d3 46. Kg1 Kg7 47. Ne6+ Kf6 48. Nc7 Kxf5 49. Nxa6 Kf4 50. Nc7 Ke3 51. Nxb5 d5 52. Nc3 d4 53. Nd5+ Kd2 54. b5 c3 55. b6 Nc5 56. a4 Nc6 57. b7 Nxb7 0-1

[Event "Baden-ch Seniors"]
[Site "Haslach im Kinzigtal"]
[Date "2010.05.29"]
[Round "1"]
[White "Weissflog, Hans Dieter"]
[Black "Osthof, Alfred"]
[Result "1/2-1/2"]
[WhiteElo "1918"]
[BlackElo "2182"]
[PlyCount "45"]
[EventDate "2010.05.29"]
[EventType "swiss"]
[EventRounds "9"]
[EventCountry "GER"]
[SourceTitle "EXT 2011"]
[Source "ChessBase"]
[SourceDate "2010.11.26"]
[SourceVersion "1"]
[SourceVersionDate "2010.11.26"]
[SourceQuality "1"]

1. d4 d5 2. c4 e6 3. Nc3 Nf6 4. Bf4 c5 5. e3 Nc6 6. Nf3 a6 7. dxc5 Bxc5 8. Be2 0-0 9. 0-0 dxc4 10. Bxc4 b5 11. Bb3 Bb7 12. Rc1 Qe7 13. Qe2 h6 14. Bc2 Rfd8 15. Rfd1 Rxd1+ 16. Rxd1 Rd8 17. h3 Bd6 18. Bxd6 Rxd6 19. Rxd6 Qxd6 20. Qd2 Qxd2 21. Nxd2 Kf8 22. a3 Ke7 23. b4 1/2-1/2

[Event "Baden-ch Seniors"]
[Site "Badenweiler"]
[Date "2009.06.04"]
[Round "3"]
[White "Huber, Martin1111"]
[Black "Weissflog, Hans Dieter"]
[Result "1-0"]
[WhiteElo "1729"]
[BlackElo "1931"]
[PlyCount "67"]
[EventDate "2009.06.01"]
[EventType "swiss"]
[EventRounds "9"]
[EventCountry "GER"]
[SourceTitle "EXT 2010"]
[Source "ChessBase"]
[SourceDate "2010.11.25"]
[SourceVersion "1"]
[SourceVersionDate "2010.11.25"]
[SourceQuality "1"]

1. e4 c5 2. Nf3 d6 3. d4 cxd4 4. Nxd4 Nf6 5. Nc3 a6 6. Bg5 e6 7. f4 Qb6 8. Nb3 h6 9. Bxf6 gxf6 10. Qf3 Nc6 11. 0-0-0 Bd7 12. Bc4 Qc7 13. Rhe1 0-0-0 14. Re2 h5 15. Kb1 Kb8 16. Red2 Be7 17. Bf1 Rc8 18. Nc5 Be8 19. Nxa6+ bxa6 20. Bxa6 Rd8 21. Nd5 exd5 22. Rxd5 Ka7 23. Qa3 Qb6 24. Be2+ Na5 25. Rxa5+ Kb7 26. Ba6+ Kc7 27. Be2 Bc6 28. Ra7+ Bb7 29. Rd3 Ra8 30. Rc3+ Kd7 31. Qa4+ Ke6 32. Bc4+ d5 33. Bxd5+ Bxd5 34. Qd7# 1-0

[Event "Baden-ch Seniors"]
[Site "Badenweiler"]
[Date "2009.06.04"]
[Round "4"]
[White "Weissflog, Hans Dieter"]
[Black "Mueller, Alfred Sr"]
[Result "1-0"]
[WhiteElo "1931"]
[BlackElo "1581"]
[PlyCount "22"]
[EventDate "2009.06.01"]
[EventType "swiss"]
[EventRounds "9"]
[EventCountry "GER"]
[SourceTitle "EXT 2010"]
[Source "ChessBase"]
[SourceDate "2010.11.25"]
[SourceVersion "1"]
[SourceVersionDate "2010.11.25"]
[SourceQuality "1"]

1. d4 d5 2. c4 e6 3. Nc3 f5 4. e3 c6 5. Nf3 Bd6 6. Bd3 Nf6 7. c5 Bc7 8. b4 a6 9. Bb2 0-0 10. 0-0 Nbd7 11. a4 Ne4 1-0

[Event "Baden-ch Seniors"]
[Site "Oberwinden"]
[Date "2007.04.13"]
[Round "8"]
[White "Greiner, Wolfgang"]
[Black "Weissflog, Hans Dieter"]
[Result "0-1"]
[WhiteElo "1792"]
[BlackElo "1843"]
[PlyCount "53"]
[EventDate "2007.04.06"]
[EventType "swiss"]
[EventRounds "9"]
[EventCountry "GER"]
[SourceTitle "CBM 117 Extra"]
[Source "ChessBase"]
[SourceDate "2007.05.09"]
[SourceVersion "1"]
[SourceVersionDate "2007.05.09"]
[SourceQuality "1"]

1. e4 c5 2. Nf3 d6 3. d4 cxd4 4. Nxd4 Nf6 5. Nc3 a6 6. Bg5 e6 7. f4 Nbd7 8. Bc4 Qc7 9. Bxe6 fxe6 10. Nxe6 Qb6 11. Qd2 Kf7 12. f5 Be7 13. Be3 Qxb2 14. 0-0 b5 15. Rab1 Qa3 16. Ng5+ Kg8 17. Nd5 Bf8 18. Bd4 Bb7 19. Rf3 Qxa2 20. Ra1 Nxe4 21. Nxe4 Qxd5 22. f6 gxf6 23. Rg3+ Kf7 24. Re1 Bg7 25. Ng5+ fxg5 26. Rxg5 Qxd4+ 27. Qxd4 0-1

[Event "Baden-ch Seniors"]
[Site "Oberwinden"]
[Date "2007.04.09"]
[Round "4"]
[White "Weissflog, Hans Dieter"]
[Black "Molez, Karl"]
[Result "1-0"]
[WhiteElo "1843"]
[BlackElo "2011"]
[PlyCount "127"]
[EventDate "2007.04.06"]
[EventType "swiss"]
[EventRounds "9"]
[EventCountry "GER"]
[SourceTitle "CBM 117 Extra"]
[Source "ChessBase"]
[SourceDate "2007.05.09"]
[SourceVersion "1"]
[SourceVersionDate "2007.05.09"]
[SourceQuality "1"]

1. d4 Nf6 2. c4 e6 3. Nc3 d5 4. Bg5 Be7 5. e3 0-0 6. Nf3 Nbd7 7. Bd3 b6 8. 0-0 Bb7 9. Rc1 a6 10. Re1 dxc4 11. Bxc4 Ne4 12. Bxe7 Qxe7 13. Bd3 Nef6 14. e4 Rac8 15. a3 g6 16. Bb1 Rfd8 17. Qd2 Kg7 18. Qg5 h6 19. Qh4 Re8 20. Rcd1 Rcd8 21. g4 Ng8 22. Qg3 Rc8 23. h4 e5 24. Nd5 Qe6 25. dxe5 Nxe5 26. Nxe5 Qxe5 27. Qxe5+ Rxe5 28. f4 Ree8 29. Ba2 b5 30. e5 c6 31. Nb6 Rc7 32. Kf2 Ne7 33. Nd7 Nd5 34. Bxd5 cxd5 35. Nf6 Rd8 36. Rd2 Rc4 37. Kg3 b4 38. Re3 d4 39. Red3 bxa3 40. Rxa3 Rb4 41. h5 Ra8 42. hxg6 fxg6 43. Nd7 Bc6 44. Nc5 Bb5 45. Ne4 Rc8 46. Nd6 Rc1 47. Nxb5 axb5 48. Ra7+ Kg8 49. f5 Rg1+ 50. Kf3 Rb3+ 51. Kf4 g5+ 52. Ke4 Rxg4+ 53. Kd5 Rf3 54. Ke6 Rgf4 55. f6 d3 56. Ra8+ Kh7 57. Rd8 Ra4 58. R2xd3 Rxd3 59. Rxd3 Kg6 60. Rd7 Ra6+ 61. Ke7 Ra4 62. f7 Rf4 63. e6 Kg7 64. Rd8 1-0

[Event "Baden-ch Seniors"]
[Site "Oberwinden"]
[Date "2007.04.08"]
[Round "3"]
[White "Weissflog, Hans Dieter"]
[Black "Volk, Werner"]
[Result "0-1"]
[WhiteElo "1843"]
[BlackElo "1980"]
[PlyCount "88"]
[EventDate "2007.04.06"]
[EventType "swiss"]
[EventRounds "9"]
[EventCountry "GER"]
[SourceTitle "CBM 117 Extra"]
[Source "ChessBase"]
[SourceDate "2007.05.09"]
[SourceVersion "1"]
[SourceVersionDate "2007.05.09"]
[SourceQuality "1"]

1. Nf3 Nf6 2. c4 c5 3. Nc3 Nc6 4. e3 g6 5. d4 cxd4 6. exd4 d6 7. Be3 Bg7 8. h3 0-0 9. Be2 e5 10. d5 Ne7 11. Qd2 Nf5 12. Bg5 Qb6 13. 0-0 Ng3 14. Rfe1 Nfe4 15. Nxe4 Nxe4 16. Qe3 Nxg5 17. Qxg5 Qxb2 18. Qe7 Qb6 19. Rab1 Qd8 20. Rxb7 Bxb7 21. Qxb7 Qa5 22. Bf1 Rfb8 23. Qc6 Qb6 24. Qa4 h6 25. Nd2 Qb4 26. Qxb4 Rxb4 27. Ne4 Bf8 28. Rd1 Rab8 29. Nc3 f5 30. f3 Kg7 31. Bd3 a6 32. Kf1 R8b6 33. g3 Be7 34. g4 Kf6 35. h4 Rb8 36. Re1 Rb2 37. h5 gxh5 38. Bxf5 h4 39. Ne4+ Kg7 40. c5 dxc5 41. d6 Bf6 42. Nxc5 Rxa2 43. d7 h3 44. Kg1 Rbb2 0-1